00363nam a2200121Ia 4500082001200000100001700012245007400029260003800103300002100141650004500162650001700207710001700224 aTS.0424 aSharma, R.K. 0aMulti-national planning and the development of the lower Mekong Basin b1970cJawaharlal Nehru University a186p. + C D - 56 aASIA, SOUTHEASTERN - ECONOMIC CONDITIONS aMEKONG BASIN aGupta, Ashok